000 00766cam a2200253 4500
001 ABS61349
008 000000n1999 000 0 eng u
035 _a(Sirsi) u101133
245 _aRegional survey: Hampshire and Dorset
260 _c1999
490 _aProperty Week
_v 15 October 1999, 46-70(11)
590 _aABS
650 _aPROPERTY-COMMERCIAL PROPERTY-RETAIL PROPERTY-RETAIL PROPERTY MARKET
650 _aHAMPSHIRE
650 _aDORSET
650 _aSOUTHAMPTON
650 _aPROPERTY-COMMERCIAL PROPERTY-OFFICE PROPERTY-OFFICE PROPERTY MARKET
650 _aPORTSMOUTH
650 _aWINCHESTER
650 _aBOURNEMOUTH
650 _aINDUSTRIAL MARKET
690 _aPROPERTY-COMMERCIAL PROPERTY-COMMERCIAL PROPERTY MARKET
942 _n0
999 _c60334
_d60334